|
|
|
|
| LEADER |
00000nab#a22000007a#4500 |
| 001 |
arbauad020637 |
| 003 |
AR-BaUAD |
| 005 |
20250711111809.0 |
| 008 |
960724|||||||||###||||||b###|0###a|spa|| |
| 040 |
|
|
|a AR-BaUAD
|c AR-BaUAD
|b spa
|
| 245 |
1 |
0 |
|a Ristrutturazione di un'area della clinica ginecologica e pediatrica di Homburg, Saar
|
| 300 |
0 |
|
|b axonom., detalles, fot.
|
| 500 |
|
|
|a Remodelación de las salas de pediatría y ginecología.
|
| 653 |
|
|
|a REMODELACION
|
| 653 |
|
|
|a CLINICAS
|
| 653 |
|
|
|a ARQUITECTURA HOSPITALARIA
|
| 653 |
|
|
|a HAMBURGO
|
| 653 |
|
|
|a SAAR
|
| 653 |
|
|
|a BRANDOLINI, ANDREAS
|
| 653 |
|
|
|a KUNSTFLUG
|
| 653 |
|
|
|a DISEÑO DE INTERIORES
|
| 773 |
0 |
|
|t DOMUS
|g no. 783 [jun. 1996], p. 44-47
|
| 942 |
|
|
|c ARTI
|
| 952 |
|
|
|0 0
|1 0
|4 0
|7 0
|9 65556
|a AR-BAuAD
|b AR-BAuAD
|d 2025-07-11
|l 0
|p AAQA020637
|r 2025-07-11 11:18:09
|w 2025-07-11
|y ARTI
|
| 990 |
|
|
|a AQ199
|b TD
|
| 998 |
|
|
|a AAQ
|b BIBUN76
|
| 999 |
|
|
|c 45229
|d 45229
|